Alle Länder der Antarktis in 1 Minute - Statistiken

Allgemein
  • Dieses Quiz wurde 32 mal gespielt
  • Das Durchschnittsergebnis liegt bei 5 aus 7
Antwortstatistiken
Länder % Korrekt
Argentinien
75%
Australien
71%
Chile
71%
Frankreich
63%
Grossbritannien
63%
Neuseeland
63%
Norwegen
63%
Keine übereinstimmenden Quizze gefunden
Verteilung der Resultate
Anzahl Personen mit jedem Resultat
Perzentil nach korrekt beantworteten Fragen
Ihre Resultats-Entwicklung
Sie haben dieses Quiz noch nicht gespielt